000 00606nab a2200193 4500
001 244442
003 OSt
005 20250414080721.0
007 tu
008 200917s2020|||||||
040 _aDE-2950
_cDE-2950
245 0 0 _aWechsel an der Spitze der Unibibliothek
_bPersonal. Jens Mittelbau hat die Leitung der Viadrina-Bibliothek von Hans-Gerd Happel übernommen/
_cred
264 _c2024
653 _aFrankfurt (Oder)
653 _aUniversitätsbibliothek
653 _aJens Mittelbach
773 0 _g36. Jahrgang (2025) Nr. 81 vom 05.04.2025, S. 17 mit Foto
_tMärkische Oderzeitung
942 _2z
_cA
999 _c373698
_d373698